| 000 | 00909nam a2200253Ia 4500 | ||
|---|---|---|---|
| 003 | OSt | ||
| 005 | 20220918171340.0 | ||
| 006 | a|||||r|||| 00| 0 | ||
| 007 | ta | ||
| 008 | 220917b |||||||| |||| 00| 0 eng d | ||
| 020 |
_a9781526104724 (pbk) _cUKP 16.99 |
||
| 024 | _a348,926 | ||
| 037 |
_b57451, 07/03/2019, Segment Book Distributors _cTextual |
||
| 040 |
_aARTS _cARTS _beng |
||
| 041 |
_2eng _aeng |
||
| 082 | _aV466:1973,(zM), Q6 | ||
| 100 |
_aBentley Michalle Au. _936029 |
||
| 245 | 0 |
_aSyria and the chemical weapons taboo _b exploiting the forbidden |
|
| 260 |
_aManchester _bManchester University Press _c2016 |
||
| 300 |
_aix,179p. _ccm. |
||
| 650 |
_aCHEMICAL WARFARE; SYRIA - HISTORY; UNITED STATES - FOREIGN RELATIONS _936030 |
||
| 942 |
_hV466:1973,(zM), Q6 _cTEXL _2CC |
||
| 999 |
_c139175 _d139175 |
||